Cuentos inconclusos de numenor y la tierra media : i, la primera edad /

Guardado en:
Autor Principal: Tolkien, J. R. R.
Formato: Libro
Publicado: Buenos Aires : Minotauro, 1989
Series:Trad. Por Ruben Masera
Materias:
Etiquetas: Agregar Etiqueta
Sin Etiquetas, Sea el primero en etiquetar este registro!
LEADER 00757nam a22002295a 4500
001 EHU.bham024307
003 AR-BHAM
005 20130507142136.0
008 130507s1989##################000#0#####d
082 8 2 |a 823.9 
100 1 |a Tolkien, J. R. R. 
245 1 0 |a Cuentos inconclusos de numenor y la tierra media :  |b i, la primera edad /  |c J. R. R. Tolkien 
260 |a Buenos Aires :  |b Minotauro,  |c 1989 
300 |a 285 p. 
490 0 |a Trad. Por Ruben Masera 
500 |a Introd., Comentario, Indice Y Mapas De C. Tolkien 
653 |a Donacion lejarraga 
653 |a Literatura 
653 |a Literatura inglesa-1901- 
653 |a Novela inglesa-1901- 
653 |a Literatura fantastica 
859 |a AR-BHAM  |b BIB. HUMANIDADES - General  |h 823.9  |i T577  |p 84.02  |t Ej.1  |v I  |3 I